行名復帰から創業七十周年まで

Shranjeno v:
Bibliografske podrobnosti
Korporativna značnica: 住友銀行行史編纂委員会
Format: Knjiga
Jezik:Undetermined
Izdano: 大阪 住友銀行 1965
Teme:
Oznake: Označite
Brez oznak, prvi označite!
Thư viện lưu trữ: Trung tâm Học liệu Trường Đại học Cần Thơ
LEADER 00561nam a2200193Ia 4500
001 CTU_89063
008 210402s9999 xx 000 0 und d
082 |a 338.8 
082 |b S955 
110 |a 住友銀行行史編纂委員会 
245 0 |a 行名復帰から創業七十周年まで 
245 0 |c 住友銀行行史編纂委員会 
260 |a 大阪 
260 |b 住友銀行 
260 |c 1965 
650 |a Corporations,Corporations 
650 |x Japan,Sumitomo Bank 
904 |i Ngoc 
980 |a Trung tâm Học liệu Trường Đại học Cần Thơ